Valuation of petrol filling stations (Record no. 23859)

MARC details
000 -LEADER
fixed length control field 00774cab a2200217 4500
001 - CONTROL NUMBER
control field ABS42446
008 - FIXED-LENGTH DATA ELEMENTS--GENERAL INFORMATION
fixed length control field 090401t xxu||||| |||| 00| 0 eng d
035 ## - SYSTEM CONTROL NUMBER
System control number (Sirsi) u36871
041 ## - LANGUAGE CODE
Language code of text/sound track or separate title eng
100 ## - MAIN ENTRY--PERSONAL NAME
Personal name Baker, J.
245 ## - TITLE STATEMENT
Title Valuation of petrol filling stations
260 ## - PUBLICATION, DISTRIBUTION, ETC.
Date of publication, distribution, etc. 8(2) Winter 1989/1990, 185-188(3)
350 ## - PRICE (NR) (BK AM CF MU VM SE) [OBSOLETE]
Price 0
490 ## - SERIES STATEMENT
Series statement Journal of Valuation
Volume/sequential designation 8(2) Winter 1989/1990, 185-188(3)
520 ## - SUMMARY, ETC.
Summary, etc. Discusses how to value a petrol filling station examining current market conditions, outlining the areas which require particular consideration and analysis such as trading potential , rental evidence and petrol throughput.
650 ## - SUBJECT ADDED ENTRY--TOPICAL TERM
Topical term or geographic name entry element TURNOVER
650 ## - SUBJECT ADDED ENTRY--TOPICAL TERM
Topical term or geographic name entry element Valuation
9 (RLIN) 6273
690 ## - LOCAL SUBJECT ADDED ENTRY--TOPICAL TERM (OCLC, RLIN)
Topical term or geographic name as entry element RATING AND VALUATION
942 ## - ADDED ENTRY ELEMENTS (KOHA)
Suppress in OPAC 0
948 ## - LOCAL PROCESSING INFORMATION (OCLC); SERIES PART DESIGNATOR (RLIN)
c (OCLC) 04/03/1997
Holdings
Withdrawn status Lost status Source of classification or shelving scheme Damaged status Not for loan Home library Current library Shelving location Date acquired Total Checkouts Full call number Barcode Date last seen Copy number Price effective from Koha item type
    Dewey Decimal Classification     London London Journal article 14/09/1999   ABS42446 36871-1001 06/08/2019 1 06/08/2019 Journal article